| 000 | 00759nam a22002057a 4500 | ||
|---|---|---|---|
| 005 | 20230710104627.0 | ||
| 008 | 191209b xxu ||||| |||| 00| 0 eng d | ||
| 020 | _a9788431331818 | ||
| 050 | 0 | 4 |
_aBD535 _bF54 2017 |
| 245 |
_aFiguras de la causalidad en la Edad Media y en el Renacimiento / _cLaura Corso de Estrada, Ma. Jesús Soto-Bruna, Concepción Alonso del Real, (eds.) |
||
| 250 | _a1a ed. | ||
| 260 |
_aPamplona : _bEUNSA, Ediciones Universidad de Navarra, _c2017 |
||
| 300 |
_a435 p. ; _c24 cm. |
||
| 490 |
_aColección de pensamiento medieval y renacentista ; _v182 |
||
| 650 | _aCausalidad | ||
| 700 |
_aCorso de Estrada, Laura _eed. |
||
| 700 |
_aSoto-Bruna, Ma. Jesús _eed. |
||
| 700 |
_a Alonso, Concepción _eed. |
||
| 942 |
_2lcc _cLIB |
||
| 999 |
_c153366 _d153364 |
||